Fundamentos de administración financiera / Scott Besley (Registro nro. 2766)

Detalles MARC
000 -LEADER
fixed length control field 00573nam a22002291a 4500
001 - CONTROL NUMBER
control field 2766
003 - CONTROL NUMBER IDENTIFIER
control field OSt
005 - DATE AND TIME OF LATEST TRANSACTION
control field 20260204211825.0
008 - FIXED-LENGTH DATA ELEMENTS--GENERAL INFORMATION
fixed length control field 040324s2001||||mx ||||||b||||||||||spa||
020 ## - NUMERO DE LIBRO INTERNACIONAL NORMALIZADO
International Standard Book Number 9701030842
050 ## - LIBRARY OF CONGRESS CALL NUMBER
Classification number 658.15 B464f
082 ## - DEWEY DECIMAL CLASSIFICATION NUMBER
Classification number 658.15 B464f
100 ## - ASIENTO PRINCIPAL -- NOMBRE PERSONAL
Personal name Besley, Scott
245 ## - TÍTULO PROPIAMENTE DICHO: SUBTÍTULO
Title Fundamentos de administración financiera / Scott Besley
250 ## - MENCIÓN DE EDICIÓN
Edition statement 12
264 ## - PRODUCTION, PUBLICATION, DISTRIBUTION, MANUFACTURE, AND COPYRIGHT NOTICE
Place of production, publication, distribution, manufacture México : McGraw-Hill
300 ## - PHYSICAL DESCRIPTION
Extensión 919 p.
500 ## - GENERAL NOTE
General note Incluye indice
650 ## - ASIENTO SECUNDARIO DE MATERIA -- TERMINO TEMÁTICO
Termino Temático Como Elemento de Entrada 1.Administración Financiera
700 ## - ASIENTO SECUNDARIO -- NOMBRE PERSONAL
Personal name Brigham, Eugene F.Ì
942 ## - ADDED ENTRY ELEMENTS (KOHA)
Source of classification or shelving scheme Dewey Decimal Classification
Koha item type Libros
Existencias
Withdrawn status Lost status Source of classification or shelving scheme Damaged status Not for loan Current library Date acquired Total Checkouts Full call number Barcode Date last seen Price effective from Koha item type
    Dewey Decimal Classification     Biblioteca UTECO 09/09/2019   658.15 B464F 002525 09/09/2019 09/09/2019 Libros
    Dewey Decimal Classification     Biblioteca UTECO 09/09/2019   658.15 B464F 002526 09/09/2019 09/09/2019 Libros
    Dewey Decimal Classification     Biblioteca UTECO 09/09/2019   658.15 B464F 002527 09/09/2019 09/09/2019 Libros
    Dewey Decimal Classification     Biblioteca UTECO 09/09/2019   658.15 B464F 002528 09/09/2019 09/09/2019 Libros
    Dewey Decimal Classification     Biblioteca UTECO 09/09/2019   658.15 B464F 002529 09/09/2019 09/09/2019 Libros
    Dewey Decimal Classification     Biblioteca UTECO 09/09/2019   658.15 B464F 002530 09/09/2019 09/09/2019 Libros
© 2021 Derechos Reservados UTECO - Teléfono: +1 809-585-2291 - Correo electrónico: biblioteca@uteco.edu.do​  
Código postal 43000 ​​
Dirección: Avenida Universitaria No. 100, 
Cotuí, Provincia Sánchez Ramírez, República Dominicana - RNC: 404-00059-6